Vie de Jésus / (Record no. 171219)

MARC details
000 -LEADER
campo de control de longitud fija 00792nam a2200229 4500
001 - NÚMERO DE CONTROL
campo de control 171219
003 - IDENTIFICADOR DE NÚMERO DE CONTROL
campo de control ES-MaACL
005 - FECHA Y HORA DE LA ÚLTIMA TRANSACCIÓN
campo de control 20250703063131.0
007 - CAMPO FIJO DE DESCRIPCIÓN FÍSICA--INFORMACIÓN GENERAL
campo de control de longitud fija t|
008 - DATOS DE LONGITUD FIJA--INFORMACIÓN GENERAL
campo de control de longitud fija 090505s1974 be r ||||1| fre d
080 ## - NÚMERO DE LA CLASIFICACIÓN DECIMAL UNIVERSAL
Número de la Clasificación Decimal Universal 232.9
100 1# - ENTRADA PRINCIPAL--NOMBRE DE PERSONA
Nombre de persona Renan, Ernest,
Fechas asociadas al nombre 1823-1892
9 (RLIN) 96168
245 10 - MENCIÓN DEL TÍTULO
Título Vie de Jésus /
Mención de responsabilidad, etc. Ernest Renan ; présentation de Pierre de Boisdeffre.
260 ## - PUBLICACIÓN, DISTRIBUCIÓN, ETC.
Lugar de publicación, distribución, etc. Verviers :
Nombre del editor, distribuidor, etc. Marabout,
Fecha de publicación, distribución, etc. 1974.
300 ## - DESCRIPCIÓN FÍSICA
Extensión XVII, 364 p. ;
Dimensiones 18 cm.
490 1# - MENCIÓN DE SERIE
Mención de serie Marabout université ;
Designación de volumen o secuencia 248.
Mención de serie Classique
600 04 - PUNTO DE ACCESO ADICIONAL DE MATERIA--NOMBRE DE PERSONA
Nombre de persona Jesucristo-
Subdivisión general Biografías.
9 (RLIN) 140032
700 0# - ENTRADA AGREGADA--NOMBRE PERSONAL
Nombre de persona Boisdeffre, Pierre de.
9 (RLIN) 29859
830 0# - PUNTO DE ACCESO ADICIONAL DE SERIE-TÍTULO UNIFORME
Título uniforme Marabout université ;
Designación de volumen o secuencia 248.
Título uniforme Classique
9 (RLIN) 223160
852 4# - LOCALIZACIÓN
Ubicación ES-MaACL
Número de control de estantería E-12622
itemnumber R.140187
Nota libre . - Biblioteca Jacinto Martínez Lacalle
Holdings
Estatus retirado Estado de pérdida Estado de daño No para préstamo Biblioteca de origen Biblioteca actual Ubicación en estantería Fecha de adquisición Fuente de adquisición Total de préstamos Signatura topográfica completa Código de barras Visto por última vez Precio de reemplazo Tipo de ítem Koha
        Biblioteca del Ateneo de Madrid Biblioteca del Ateneo de Madrid Depósito 2 05/05/2009     E-12622 1179686 23/02/2023 23/02/2023 Libro impreso